<?xml version="1.0" encoding="UTF-8"?><?xml-stylesheet type="text/xsl" href="static/style.xsl"?><OAI-PMH xmlns="http://www.openarchives.org/OAI/2.0/" xmlns:xsi="http://www.w3.org/2001/XMLSchema-instance" xsi:schemaLocation="http://www.openarchives.org/OAI/2.0/ http://www.openarchives.org/OAI/2.0/OAI-PMH.xsd"><responseDate>2026-04-13T04:08:51Z</responseDate><request verb="GetRecord" identifier="oai:www.recercat.cat:2099.1/21466" metadataPrefix="marc">https://recercat.cat/oai/request</request><GetRecord><record><header><identifier>oai:recercat.cat:2099.1/21466</identifier><datestamp>2025-07-23T05:12:45Z</datestamp><setSpec>com_2072_1033</setSpec><setSpec>col_2072_452951</setSpec></header><metadata><record xmlns="http://www.loc.gov/MARC21/slim" xmlns:dcterms="http://purl.org/dc/terms/" xmlns:xsi="http://www.w3.org/2001/XMLSchema-instance" xmlns:doc="http://www.lyncode.com/xoai" xsi:schemaLocation="http://www.loc.gov/MARC21/slim http://www.loc.gov/standards/marcxml/schema/MARC21slim.xsd">
   <leader>00925njm 22002777a 4500</leader>
   <datafield ind2=" " ind1=" " tag="042">
      <subfield code="a">dc</subfield>
   </datafield>
   <datafield ind2=" " ind1=" " tag="720">
      <subfield code="a">Salvó Barnadas, Adrià</subfield>
      <subfield code="e">author</subfield>
   </datafield>
   <datafield ind2=" " ind1=" " tag="260">
      <subfield code="c">2013-11</subfield>
   </datafield>
   <datafield ind2=" " ind1=" " tag="520">
      <subfield code="a">El projecte té com a objectiu principal la millora de la gestió d’incidències a empreses-client des del punt de vista d’una empresa consultora multinacional. S’explicarà el procés d’organitzar i gestionar un client amb tot el que això comporta.&#xd;
Actualment, l’empresa utilitza un gestor d’incidències que s’ha quedat obsolet, i es farà una anàlisi comparativa per trobar la millor eina que s’ajusti a les necessitats establertes i compleixi tots els requisits previs. La nova eina ha de ser un gestor d’incidències amb què l’empresa pugui saber en qualsevol moment en quin estat es troben com també qui les està duent a terme, entre altres fites.&#xd;
Per tal de comprovar si la nova implantació de l’eina ha arribat a l’objectiu establert, s’elaboraran reports continus on els indicadors mostraran si el funcionament és l’adequat i s’ajusta a tots els objectius marcats.&#xd;
També es donarà una visió de l’estructura interna d’una empresa multinacional del sector de la consultoria i de la seva organització interna (gestió de l’equip, metodologia i eines de gestió i control de les incidències) per entendre’n el concepte de les particularitats aprofitant els coneixements adquirits en aquest sector durant la beca.&#xd;
Per últim, es farà èmfasi a la millora contínua d’aquesta nova eina incorporant-hi noves millores, les quals ja s’estan portant a terme actualment. Així com l’anàlisi i la gestió de les dades obtingudes per explotar aquesta informació ja sigui a nivell intern com per a presentar al client.</subfield>
   </datafield>
   <datafield tag="653" ind2=" " ind1=" ">
      <subfield code="a">Àrees temàtiques de la UPC::Economia i organització d'empreses::Gestió del coneixement::Sistemes d'informació</subfield>
   </datafield>
   <datafield tag="653" ind2=" " ind1=" ">
      <subfield code="a">Àrees temàtiques de la UPC::Informàtica::Sistemes d'informació::Bases de dades</subfield>
   </datafield>
   <datafield tag="653" ind2=" " ind1=" ">
      <subfield code="a">Database management</subfield>
   </datafield>
   <datafield tag="653" ind2=" " ind1=" ">
      <subfield code="a">Management information systems</subfield>
   </datafield>
   <datafield tag="653" ind2=" " ind1=" ">
      <subfield code="a">Customer relations -- Management</subfield>
   </datafield>
   <datafield tag="653" ind2=" " ind1=" ">
      <subfield code="a">Bases de dades Gestió</subfield>
   </datafield>
   <datafield tag="653" ind2=" " ind1=" ">
      <subfield code="a">Sistemes d'informació per a la gestió</subfield>
   </datafield>
   <datafield tag="653" ind2=" " ind1=" ">
      <subfield code="a">Relacions amb els clients -- Gestió</subfield>
   </datafield>
   <datafield ind2="0" ind1="0" tag="245">
      <subfield code="a">Sistema de gestió i control d’incidències a una empresa consultora</subfield>
   </datafield>
</record></metadata></record></GetRecord></OAI-PMH>